Oxford handbook of public health practice (Record no. 32296)

MARC details
000 -LEADER
fixed length control field 01009nam a2200241 a 4500
008 - FIXED-LENGTH DATA ELEMENTS--GENERAL INFORMATION
fixed length control field 120802s2001 ||||||||||||||||| || u
010 ## - LIBRARY OF CONGRESS CONTROL NUMBER
LC control number 2001034351
020 ## - INTERNATIONAL STANDARD BOOK NUMBER
International Standard Book Number 0192632213
050 ## - LIBRARY OF CONGRESS CALL NUMBER
Classification number RA 427 Oxf (BOX 130)
100 ## - MAIN ENTRY--PERSONAL NAME
Personal name Melzer, David
245 10 - TITLE STATEMENT
Title Oxford handbook of public health practice
Statement of responsibility, etc. edited by David Pencheon ... [et al.]
260 ## - PUBLICATION, DISTRIBUTION, ETC.
Place of publication, distribution, etc. Oxford:
Name of publisher, distributor, etc. Oxford University Press
Date of publication, distribution, etc. 2001
300 ## - PHYSICAL DESCRIPTION
Extent xxi, 609p.: ill.
500 ## - GENERAL NOTE
General note Blue Trunk Library Collection (WHO). Bibliography
650 #0 - SUBJECT ADDED ENTRY--TOPICAL TERM
Topical term or geographic name entry element MEDICINE, PREVENTIVE--HANDBOOKS, MANUALS, ETC
650 ## - SUBJECT ADDED ENTRY--TOPICAL TERM
Topical term or geographic name entry element PUBLIC HEALTH--HANDBOOKS, MANUALS, ETC
650 #0 - SUBJECT ADDED ENTRY--TOPICAL TERM
Topical term or geographic name entry element MEDICAL CARE--HANDBOOKS, MANUALS, ETC
700 ## - ADDED ENTRY--PERSONAL NAME
Personal name Pencheon, David
700 ## - ADDED ENTRY--PERSONAL NAME
Personal name Guest, Charles
856 ## - ELECTRONIC LOCATION AND ACCESS
Uniform Resource Identifier http://www.loc.gov/catdir/enhancements/fy0612/2001034351-d.html
995 ## -
-- MEDICAL LIBRARY OPEN ACCESS
-- 743087
-- CBU-SCHOOL OF MEDICINE LIBRARY (Ndola)
-- BTL RA 427 Oxf (BOX 130)
-- 1
-- AVAILABLE
-- Aug 2, 2012
-- 743087
-- Medical Library Open Access Collection
999 ## -
-- 32296
-- 32296
Holdings
Withdrawn status Lost status Source of classification or shelving scheme Damaged status Not for loan Permanent Location Current Location Shelving location Date acquired Total Checkouts Full call number Barcode Date last seen Price effective from Koha item type
          CBU-SCHOOL OF MEDICINE LIBRARY, NDOLA. CBU-SCHOOL OF MEDICINE LIBRARY, NDOLA.   11/30/2022   RA 427 Oxf (BOX 130) 743087 11/30/2022 11/30/2022 MONOGRAPH